Tổng hợp dẫn xuất dị vòng kết hợp và đánh giá hoạt tính kháng virus : Luận văn tốt nghiệp cao học. Chuyên ngành: Hóa hữu cơ
Các hợp chất dị vòng chứa nitrogen, đặc biệt là quinazolinone, 1,3,4–oxadiazole và benzimidazole được biết là các hợp chất có hoạt tính sinh học đa dạng và được xem là khung sườn quan trọng trong nghiên cứu khám phá thuốc. Trong nghiên cứu này, quy...
Guardado en:
| Autor principal: | |
|---|---|
| Formato: | Libro |
| Lenguaje: | Undetermined |
| Publicado: |
Cần Thơ
Trường Đại học Cần Thơ
2020
|
| Materias: | |
| Etiquetas: |
Agregar Etiqueta
Sin Etiquetas, Sea el primero en etiquetar este registro!
|
| Thư viện lưu trữ: | Trung tâm Học liệu Trường Đại học Cần Thơ |
|---|
| LEADER | 02020nam a2200229Ia 4500 | ||
|---|---|---|---|
| 001 | CTU_237602 | ||
| 008 | 210402s9999 xx 000 0 und d | ||
| 082 | |a 547.2 | ||
| 082 | |b Ch125 | ||
| 088 | |a 8440114 | ||
| 100 | |a Đoàn, Nguyễn Minh Châu | ||
| 245 | 0 | |a Tổng hợp dẫn xuất dị vòng kết hợp và đánh giá hoạt tính kháng virus : | |
| 245 | 0 | |b Luận văn tốt nghiệp cao học. Chuyên ngành: Hóa hữu cơ | |
| 245 | 0 | |c Đoàn Nguyễn Minh Châu ; Bùi Thị Bửu Huê (Cán bộ hướng dẫn) | |
| 260 | |a Cần Thơ | ||
| 260 | |b Trường Đại học Cần Thơ | ||
| 260 | |c 2020 | ||
| 520 | |a Các hợp chất dị vòng chứa nitrogen, đặc biệt là quinazolinone, 1,3,4–oxadiazole và benzimidazole được biết là các hợp chất có hoạt tính sinh học đa dạng và được xem là khung sườn quan trọng trong nghiên cứu khám phá thuốc. Trong nghiên cứu này, quy trình tổng hợp khung kết hợp quinazolinone/1,3,4–oxadiazole/benzimidazole thông qua cầu nối thioether đã được xây dựng thành công bằng cách sử dụng anthranilamide làm tác chất ban đầu. Dựa trên quy trình này, năm dẫn xuất mới (10a-e) đã được tổng hợp thành công với hiệu suất khá tốt (24 – 30 %). Cấu trúc của các hợp chất mới này được xác định dựa trên các dữ liệu phổ nghiệm bao gồm HR-MS, FT-IR, 1H-NMR và 13C-NMR. Quy trình tổng hợpđược thiết kế đơn giản, hiệu quả và có thể áp dụng tổng hợp quy mô lớn. | ||
| 650 | |a Chemistry, Organic,Hóa học hữu cơ | ||
| 650 | |x Synthesis,Tổng hợp | ||
| 910 | |c tvtrong | ||
| 980 | |a Trung tâm Học liệu Trường Đại học Cần Thơ | ||